000
00205 a2200097 4500
001
17457
100
_a
Beals
245
_a
Advanced mathematical analysis
260
_a
_b
Springer
_c
090
_c
12898
_d
12898
942
_a
NUST-CAE
_c
M
_c
3222
999
_c
252530
_d
252530